<?xml version="1.0" encoding="UTF-8"?>
<record
    xmlns:xsi="http://www.w3.org/2001/XMLSchema-instance"
    xsi:schemaLocation="http://www.loc.gov/MARC21/slim http://www.loc.gov/standards/marcxml/schema/MARC21slim.xsd"
    xmlns="http://www.loc.gov/MARC21/slim">

  <leader>01287nam a22002177a 4500</leader>
  <controlfield tag="005">20231017110004.0</controlfield>
  <datafield tag="010" ind1=" " ind2=" ">
    <subfield code="a">B-750116-122                   B-755500 </subfield>
  </datafield>
  <datafield tag="020" ind1=" " ind2=" ">
    <subfield code="a">9789390219001</subfield>
    <subfield code="c">550.00</subfield>
  </datafield>
  <datafield tag="035" ind1=" " ind2=" ">
    <subfield code="a">B-750116-122</subfield>
  </datafield>
  <datafield tag="035" ind1=" " ind2=" ">
    <subfield code="a">B-755500 </subfield>
  </datafield>
  <datafield tag="037" ind1=" " ind2=" ">
    <subfield code="b">&#x92A;&#x94D;&#x930;&#x917;&#x924;&#x93F; &#x92A;&#x92C;&#x94D;&#x932;&#x93F;&#x915;&#x947;&#x936;&#x928;</subfield>
  </datafield>
  <datafield tag="082" ind1=" " ind2=" ">
    <subfield code="a">954.03</subfield>
  </datafield>
  <datafield tag="100" ind1=" " ind2=" ">
    <subfield code="a">&#x926;&#x939;&#x93F;&#x92F;&#x93E; ,&#x92A;&#x942;&#x928;&#x92E; &#x926;&#x932;&#x93E;&#x932; </subfield>
    <subfield code="9">57867</subfield>
  </datafield>
  <datafield tag="245" ind1=" " ind2=" ">
    <subfield code="a">&#x92A;&#x94D;&#x930;&#x93E;&#x91A;&#x940;&#x928; &#x914;&#x930; &#x92E;&#x927;&#x94D;&#x92F;&#x915;&#x93E;&#x932;&#x940;&#x928; &#x92D;&#x93E;&#x930;&#x924; /</subfield>
    <subfield code="c">&#x92A;&#x942;&#x928;&#x92E; &#x926;&#x932;&#x93E;&#x932; &#x926;&#x939;&#x93F;&#x92F;&#x93E;</subfield>
  </datafield>
  <datafield tag="250" ind1=" " ind2=" ">
    <subfield code="a">2 &#x938;&#x930;&#x93E; &#x938;&#x902;&#x938;&#x94D;&#x915;&#x930;&#x923;</subfield>
  </datafield>
  <datafield tag="260" ind1=" " ind2=" ">
    <subfield code="a">&#x91A;&#x947;&#x928;&#x94D;&#x928;&#x908;</subfield>
    <subfield code="b">&#x91F;&#x93E;&#x91F;&#x93E; &#x92E;&#x948;&#x917;&#x94D;&#x930;&#x93E;&#x939;&#x93F;&#x932; </subfield>
    <subfield code="c">2021</subfield>
  </datafield>
  <datafield tag="270" ind1=" " ind2=" ">
    <subfield code="a">444/1,&#x936;&#x94D;&#x930;&#x940; &#x90F;&#x915;&#x92E;&#x94D;&#x92C;&#x930;&#x93E; &#x928;&#x948;&#x915;&#x94D;&#x915;&#x930; &#x907;&#x902;&#x921;&#x938;&#x94D;&#x91F;&#x94D;&#x930;&#x93F;&#x92F;&#x932;, &#x905;&#x932;&#x92A;&#x915;&#x94D;&#x915;&#x92E;, &#x92A;&#x941;&#x930;&#x941;&#x930;</subfield>
    <subfield code="b">&#x91A;&#x947;&#x928;&#x94D;&#x928;&#x908;</subfield>
    <subfield code="e">600116</subfield>
    <subfield code="m">info.india@mheducation.com</subfield>
  </datafield>
  <datafield tag="300" ind1=" " ind2=" ">
    <subfield code="a">&#x935;&#x93F;.&#x92A;&#x943;.</subfield>
    <subfield code="c">24&#x938;&#x947;&#x92E;&#x940;(&#x905;&#x91C;&#x93F;&#x932;&#x94D;&#x926;)  </subfield>
  </datafield>
  <datafield tag="942" ind1=" " ind2=" ">
    <subfield code="2">ddc</subfield>
    <subfield code="c">HN</subfield>
    <subfield code="m"> &#x926;&#x939;&#x93F;&#x92F;&#x93E;</subfield>
    <subfield code="h">954.03</subfield>
  </datafield>
  <datafield tag="999" ind1=" " ind2=" ">
    <subfield code="c">194704</subfield>
    <subfield code="d">194704</subfield>
  </datafield>
  <datafield tag="952" ind1=" " ind2=" ">
    <subfield code="0">0</subfield>
    <subfield code="1">0</subfield>
    <subfield code="4">0</subfield>
    <subfield code="7">0</subfield>
    <subfield code="8">NFIC</subfield>
    <subfield code="a">L</subfield>
    <subfield code="b">L</subfield>
    <subfield code="d">2023-03-27</subfield>
    <subfield code="e">&#x92A;&#x94D;&#x930;&#x917;&#x924;&#x93F; &#x92A;&#x92C;&#x94D;&#x932;&#x93F;&#x915;&#x947;&#x936;&#x928;/35/4.1.23/250/22.12.22/31.1.23</subfield>
    <subfield code="g">550.00</subfield>
    <subfield code="l">29</subfield>
    <subfield code="m">28</subfield>
    <subfield code="o">954.03  &#x926;&#x939;&#x93F;&#x92F;&#x93E;</subfield>
    <subfield code="p">B-750116</subfield>
    <subfield code="r">2026-04-25 11:04:42</subfield>
    <subfield code="s">2026-04-08</subfield>
    <subfield code="t">1</subfield>
    <subfield code="v">550.00</subfield>
    <subfield code="w">2023-03-27</subfield>
    <subfield code="y">HN</subfield>
  </datafield>
  <datafield tag="952" ind1=" " ind2=" ">
    <subfield code="0">0</subfield>
    <subfield code="1">0</subfield>
    <subfield code="4">0</subfield>
    <subfield code="7">0</subfield>
    <subfield code="8">NFIC</subfield>
    <subfield code="a">M</subfield>
    <subfield code="b">M</subfield>
    <subfield code="d">2023-03-27</subfield>
    <subfield code="e">&#x92A;&#x94D;&#x930;&#x917;&#x924;&#x93F; &#x92A;&#x92C;&#x94D;&#x932;&#x93F;&#x915;&#x947;&#x936;&#x928;/35/4.1.23/250/22.12.22/31.1.23</subfield>
    <subfield code="g">550.00</subfield>
    <subfield code="l">0</subfield>
    <subfield code="o">954.03  &#x926;&#x939;&#x93F;&#x92F;&#x93E;</subfield>
    <subfield code="p">B-750117</subfield>
    <subfield code="r">2023-03-27 00:00:00</subfield>
    <subfield code="t">2</subfield>
    <subfield code="v">550.00</subfield>
    <subfield code="y">HN</subfield>
  </datafield>
  <datafield tag="952" ind1=" " ind2=" ">
    <subfield code="0">0</subfield>
    <subfield code="1">0</subfield>
    <subfield code="4">0</subfield>
    <subfield code="7">0</subfield>
    <subfield code="8">NFIC</subfield>
    <subfield code="a">M</subfield>
    <subfield code="b">M</subfield>
    <subfield code="d">2023-03-27</subfield>
    <subfield code="e">&#x92A;&#x94D;&#x930;&#x917;&#x924;&#x93F; &#x92A;&#x92C;&#x94D;&#x932;&#x93F;&#x915;&#x947;&#x936;&#x928;/35/4.1.23/250/22.12.22/31.1.23</subfield>
    <subfield code="g">550.00</subfield>
    <subfield code="l">0</subfield>
    <subfield code="o">954.03  &#x926;&#x939;&#x93F;&#x92F;&#x93E;</subfield>
    <subfield code="p">B-750118</subfield>
    <subfield code="r">2023-03-27 00:00:00</subfield>
    <subfield code="t">2</subfield>
    <subfield code="v">550.00</subfield>
    <subfield code="y">HN</subfield>
  </datafield>
  <datafield tag="952" ind1=" " ind2=" ">
    <subfield code="0">0</subfield>
    <subfield code="1">0</subfield>
    <subfield code="4">0</subfield>
    <subfield code="7">0</subfield>
    <subfield code="8">NFIC</subfield>
    <subfield code="a">AV</subfield>
    <subfield code="b">AV</subfield>
    <subfield code="d">2023-03-27</subfield>
    <subfield code="e">&#x92A;&#x94D;&#x930;&#x917;&#x924;&#x93F; &#x92A;&#x92C;&#x94D;&#x932;&#x93F;&#x915;&#x947;&#x936;&#x928;/35/4.1.23/250/22.12.22/31.1.23</subfield>
    <subfield code="g">550.00</subfield>
    <subfield code="l">7</subfield>
    <subfield code="m">6</subfield>
    <subfield code="o">954.03  &#x926;&#x939;&#x93F;&#x92F;&#x93E;</subfield>
    <subfield code="p">B-750119</subfield>
    <subfield code="r">2026-04-06 05:45:57</subfield>
    <subfield code="s">2026-03-11</subfield>
    <subfield code="t">1</subfield>
    <subfield code="v">550.00</subfield>
    <subfield code="y">HN</subfield>
  </datafield>
  <datafield tag="952" ind1=" " ind2=" ">
    <subfield code="0">0</subfield>
    <subfield code="1">0</subfield>
    <subfield code="4">0</subfield>
    <subfield code="7">0</subfield>
    <subfield code="8">NFIC</subfield>
    <subfield code="a">BL1</subfield>
    <subfield code="b">BL1</subfield>
    <subfield code="d">2023-03-27</subfield>
    <subfield code="e">&#x92A;&#x94D;&#x930;&#x917;&#x924;&#x93F; &#x92A;&#x92C;&#x94D;&#x932;&#x93F;&#x915;&#x947;&#x936;&#x928;/35/4.1.23/250/22.12.22/31.1.23</subfield>
    <subfield code="g">550.00</subfield>
    <subfield code="l">1</subfield>
    <subfield code="m">2</subfield>
    <subfield code="o">954.03  &#x926;&#x939;&#x93F;&#x92F;&#x93E;</subfield>
    <subfield code="p">B-750120</subfield>
    <subfield code="r">2023-08-25 00:00:00</subfield>
    <subfield code="s">2023-07-31</subfield>
    <subfield code="t">1</subfield>
    <subfield code="v">550.00</subfield>
    <subfield code="y">HN</subfield>
  </datafield>
  <datafield tag="952" ind1=" " ind2=" ">
    <subfield code="0">0</subfield>
    <subfield code="1">0</subfield>
    <subfield code="4">0</subfield>
    <subfield code="7">0</subfield>
    <subfield code="8">NFIC</subfield>
    <subfield code="a">ZLS</subfield>
    <subfield code="b">ZLS</subfield>
    <subfield code="d">2023-03-27</subfield>
    <subfield code="e">&#x92A;&#x94D;&#x930;&#x917;&#x924;&#x93F; &#x92A;&#x92C;&#x94D;&#x932;&#x93F;&#x915;&#x947;&#x936;&#x928;/35/4.1.23/250/22.12.22/31.1.23</subfield>
    <subfield code="g">550.00</subfield>
    <subfield code="l">6</subfield>
    <subfield code="m">3</subfield>
    <subfield code="o">954.03  &#x926;&#x939;&#x93F;&#x92F;&#x93E;</subfield>
    <subfield code="p">B-750121</subfield>
    <subfield code="r">2026-02-21 00:00:00</subfield>
    <subfield code="s">2026-01-24</subfield>
    <subfield code="t">1</subfield>
    <subfield code="v">550.00</subfield>
    <subfield code="y">HN</subfield>
  </datafield>
  <datafield tag="952" ind1=" " ind2=" ">
    <subfield code="0">0</subfield>
    <subfield code="1">0</subfield>
    <subfield code="4">0</subfield>
    <subfield code="7">0</subfield>
    <subfield code="8">NFIC</subfield>
    <subfield code="a">BL4</subfield>
    <subfield code="b">BL4</subfield>
    <subfield code="d">2023-03-27</subfield>
    <subfield code="e">&#x92A;&#x94D;&#x930;&#x917;&#x924;&#x93F; &#x92A;&#x92C;&#x94D;&#x932;&#x93F;&#x915;&#x947;&#x936;&#x928;/35/4.1.23/250/22.12.22/31.1.23</subfield>
    <subfield code="g">550.00</subfield>
    <subfield code="l">29</subfield>
    <subfield code="m">34</subfield>
    <subfield code="o">954.03  &#x926;&#x939;&#x93F;&#x92F;&#x93E;</subfield>
    <subfield code="p">B-750122</subfield>
    <subfield code="r">2026-06-04 12:54:39</subfield>
    <subfield code="s">2026-04-21</subfield>
    <subfield code="t">1</subfield>
    <subfield code="v">550.00</subfield>
    <subfield code="y">HN</subfield>
  </datafield>
</record>
